Quanti comuni della provincia di Vicenza conosci? - Statistics

Statistiche generali
  • Questo quiz è stato fatto 13 volte
  • Il punteggio medio è 42 su 114
Statistiche sulle risposte
Comune Inhabitants % Corretto
Bassano del Grappa 42.470
100%
VICENZA 110.283
100%
Schio 38.647
85%
Asiago 6.301
77%
Thiene 23.835
77%
Arzignano 25.355
69%
Breganze 8.367
62%
Marostica 13.960
62%
Nove 4.874
62%
Roana 4.156
62%
Rosà 14.639
62%
Valbrenta 4.857
62%
Altavilla Vicentina 11.882
54%
Arcugnano 7.671
54%
Romano d'Ezzelino 14.206
54%
Solagna 1.797
54%
Tezze sul Brenta 13.014
54%
Torri di Quartesolo 11.712
54%
Valdagno 25.652
54%
Agugliaro 1.398
46%
Chiampo 12.545
46%
Creazzo 11.191
46%
Enego 1.527
46%
Malo 14.676
46%
Montecchio Maggiore 23.391
46%
Noventa Vicentina 8.969
46%
Rossano Veneto 8.198
46%
Rotzo 642
46%
Sandrigo 8.260
46%
Sossano 4.150
46%
Albettone 1.979
38%
Arsiero 3.023
38%
Barbarano Mossano 6.183
38%
Bolzano Vicentino 6.493
38%
Camisano Vicentino 11.141
38%
Cassola 15.157
38%
Castelgomberto 6.121
38%
Dueville 13.616
38%
Foza 652
38%
Gallio 2.348
38%
Gambellara 3.433
38%
Lonigo 15.917
38%
Lusiana Conco 4.550
38%
Montebello Vicentino 6.312
38%
Montegalda 3.356
38%
Piovene Rocchette 8.277
38%
Recoaro Terme 5.982
38%
San Pietro Mussolino 1.543
38%
Santorso 5.581
38%
Schiavon 2.618
38%
Sovizzo 7.460
38%
Tonezza del Cimone 500
38%
Valli del Pasubio 3.051
38%
Villaverla 6.032
38%
Zugliano 6.864
38%
Alonte 1.580
31%
Altissimo 2.135
31%
Grisignano di Zocco 4.304
31%
Grumolo delle Abbadesse 3.834
31%
Laghi 125
31%
Lastebasse 195
31%
Lugo di Vicenza 3.563
31%
Marano Vicentino 9.281
31%
Montecchio Precalcino 4.943
31%
Monte di Malo 2.801
31%
Montegaldella 1.790
31%
Monticello Conte Otto 9.045
31%
Montorso Vicentino 3.041
31%
Mussolente 7.581
31%
Nanto 3.092
31%
Orgiano 3.000
31%
Pove del Grappa 3.177
31%
Pozzoleone 2.770
31%
San Vito di Leguzzano 3.584
31%
Sarcedo 5.311
31%
Torrebelvicino 5.839
31%
Trissino 8.641
31%
Valdastico 1.156
31%
Zanè 6.601
31%
Zermeghedo 1.332
31%
Zovencedo 802
31%
Asigliano Veneto 833
23%
Brendola 6.677
23%
Bressanvido 3.157
23%
Carrè 3.507
23%
Cartigliano 3.684
23%
Castegnero 2.840
23%
Chiuppano 2.535
23%
Cogollo del Cengio 3.121
23%
Colceresa 5.908
23%
Cornedo Vicentino 11.698
23%
Costabissara 7.662
23%
Crespadoro 1.267
23%
Fara Vicentino 3.706
23%
Gambugliano 848
23%
Isola Vicentina 10.261
23%
Longare 5.518
23%
Monteviale 2.795
23%
Pedemonte 664
23%
Pianezze 2.170
23%
Pojana Maggiore 4.223
23%
Quinto Vicentino 5.841
23%
Salcedo 1.015
23%
Sarego 6.747
23%
Val Liona 3.082
23%
Velo d'Astico 2.233
23%
Villaga 1.894
23%
Brogliano 4.010
15%
Caldogno 11.305
15%
Caltrano 2.491
15%
Campiglia dei Berici 1.661
15%
Nogarole Vicentino 1.238
15%
Posina 569
15%
Calvene 1.282
8%
Nessun quiz corrispondente trovato
Distribuzione punteggi
Percentuale di utenti per punteggio
Percentile per numero di risposta
I tuoi punteggi nel tempo
Non hai fatto questo quiz